Loading...
| Fine Arts - Classical Music | 5 | 12.00 | 1,280% | 240% | 440% |
| Fine Arts - Other | 6 | 10.00 | 3,517% | 217% | 133% |
| Fine Arts - Painting & Sculpture | 2 | 10.00 | 0% | 350% | 350% |
| History - American | 5 | 12.00 | 0% | 340% | 660% |
| History - European | 3 | 6.67 | 2,700% | 133% | 0% |
| History - Other | 6 | 11.67 | 2,167% | 250% | 417% |
| History - World | 5 | 10.00 | 3,240% | 300% | 160% |
| Literature - American | 3 | 6.67 | 2,700% | 0% | 300% |
| Literature - British | 4 | 10.00 | 3,250% | 200% | 175% |
| Literature - European | 5 | 14.00 | 1,940% | 320% | 440% |
| Literature - World | 3 | 10.00 | 3,233% | 0% | 300% |
| Mythology | 1 | 10.00 | 0% | 0% | 800% |
| Other | 6 | 10.00 | 3,517% | 183% | 150% |
| Philosophy | 3 | 10.00 | 2,700% | 267% | 300% |
| Religion | 7 | 7.14 | 914% | 243% | 214% |
| Science - Biology | 6 | 10.00 | 2,150% | 0% | 433% |
| Science - Chemistry | 4 | 12.50 | 3,250% | 225% | 400% |
| Science - Other | 3 | 13.33 | 4,333% | 133% | 300% |
| Science - Physics | 5 | 2.00 | 1,620% | 0% | 0% |
| Social Science | 5 | 12.00 | 2,600% | 460% | 140% |